|
|
|
|
| LEADER |
00692nam a22002172a 4500 |
| 001 |
000806545 |
| 003 |
CZ BrMZK |
| 005 |
20100728114918.0 |
| 007 |
ta |
| 008 |
060124s1907 xr er|||||||||||cze d |
| 040 |
|
|
|a BOA001
|b cze
|
| 100 |
1 |
|
|a Štorch, Eduard,
|d 1878-1956
|7 jk01131478
|4 aut
|
| 245 |
1 |
0 |
|a Vznik vlastnictví /
|c Eduard Štorch
|
| 260 |
|
|
|a Zábřeh :
|b Družstevní knihtiskárna,
|c 1907
|
| 300 |
|
|
|a 14 s.
|
| 490 |
1 |
|
|a Knihovna Komenského ;
|v sv. 7
|
| 830 |
|
0 |
|a Knihovna Komenského (Družstevní knihtiskárna)
|
| 910 |
|
|
|a BOA001
|b PK-II-0012.712
|
| 990 |
|
|
|a BK
|
| 993 |
|
|
|a Y
|
| 996 |
6 |
|
|b 3119655669
|c PK-II-0012.712
|l MZK
|r Sklad / do 1 hodiny
|n 2
|w 000806545
|u 000010
|a 1
|e BOA001
|j MZK50
|s P
|